[Event "Stay Safe Play From Home 196"]
[Site "T#646541Emanuel Laske"]
[Date "2020.06.03"]
[Round "2"]
[White "Matanant"]
[Black "SoulofWolf"]
[Result "0-1"]
[WhiteElo "1717"]
[BlackElo "2221"]
[Annotator "TA"]
[PlyCount "74"]
[EventDate "2020.06.03"]
[EventType "swiss (blitz)"]

{[%evp 9,74,0,11,9,5,3,69,40,46,27,40,48,43,12,29,18,30,12,21,-32,0,-35,-16,-32,-11,-68,-75,-82,-34,-47,-58,-86,-42,-34,-24,-24,92,92,83,103,107,106,107,107,107,107,299,96,198,0,657,161,150,95,96,76,92,81,92,86,83,89,93,-47,27,0,0]} 1. b3 e6 2. Bb2 d5 3. e3 Nd7 4. f4 Ngf6 5. Nf3 g6 6. Be2 {A01: Nimzowitsch-Larsen Opening.} Bg7 7. O-O {[#]} Nh5 $146 ({Black should play} 7... b6 $11) ({Predecessor:} 7... O-O 8. h3 Ne4 9. Bxg7 Kxg7 10. d3 Qf6 11. Nbd2 Nxd2 12. Qxd2 c5 13. e4 d4 {0-1 (51) Florez,S (1599)-Martinez,M (1947) Medellin 2018}) 8. Bxg7 {White is slightly better.} (8. Ne5 {is interesting.} Nhf6 9. c4 O-O 10. d4 Ne4 11. Nd2) 8... Nxg7 9. Qc1 Qf6 10. Nc3 O-O 11. Nd1 c5 12. Nf2 b6 13. Ng4 Qe7 14. Nge5 (14. Nh6+ $11 Kh8 15. Bb5) 14... Nf6 15. d3 Bb7 16. c4 h5 17. Qc2 (17. cxd5 $11 exd5 18. Nh4) 17... Nf5 $15 18. Qd2 d4 19. e4 Ne3 20. Rfe1 Nfg4 21. Nxg4 hxg4 22. Ne5 $1 Kg7 (22... g5 $11 {keeps the balance.} 23. fxg5 Qxg5 24. Nxg4 f5) 23. Nxg4 $16 Nxg4 24. Bxg4 Rh8 25. g3 Rh7 26. Bf3 Rah8 {[#]} 27. Re2 $1 g5 $2 (27... a5 $16 {keeps fighting.}) 28. Rf2 $2 (28. fxg5 $18 {Threatens to win with Rf1.} Rg8 29. Rf1) 28... f6 (28... gxf4 $16 29. Qxf4 f6) 29. e5 $2 ({White should try} 29. fxg5 $18 fxg5 30. Raf1) 29... gxf4 $2 {[%mdl 8192]} (29... Bxf3 $11 30. Rxf3 Rxh2 31. Qxh2 Rxh2 32. Kxh2 Kf8) 30. Qxf4 $2 (30. exf6+ Qxf6 31. Bxb7) 30... Bxf3 $18 {[#]} 31. Qxf3 (31. exf6+ $142 $1 Qxf6 32. Qxf6+ Kxf6 33. Rxf3+ Ke7 34. h4) 31... f5 $16 32. Qf4 Rh6 33. Re1 Rg6 34. Rg2 Rg4 35. Qf3 Rg8 36. h4 (36. Qc6 $16) 36... Kf8 (36... Kh6 $15) 37. Kh2 (37. Re4 $5) 37... Rxh4+ {[%mdl 32768] Accuracy: White = 48%, Black = 52%. . Loss on time!?} 0-1

[Event "Stay Safe Play From Home 196"]
[Site "T#646541Emanuel Laske"]
[Date "2020.06.03"]
[Round "2"]
[White "Trotsky"]
[Black "GIULIO19031975"]
[Result "0-1"]
[WhiteElo "1566"]
[BlackElo "1821"]
[Annotator "NA RC"]
[PlyCount "86"]
[EventDate "2020.06.03"]
[EventType "swiss (blitz)"]

1. d4 {[%emt 0:00:01]} d5 {[%emt 0:00:01]} 2. e3 {[%emt 0:00:00]} Nf6 {[%emt 0:00:00]} 3. c4 {[%emt 0:00:01]} Nc6 {[%emt 0:00:01]} 4. Nc3 {[%emt 0:00:01]} e5 {[%emt 0:00:01]} 5. a3 {[%emt 0:00:01]} exd4 {[%emt 0:00:01]} 6. exd4 {[%emt 0:00:00]} Be7 {[%emt 0:00:02]} 7. c5 {[%emt 0:00:01]} O-O {[%emt 0:00:01]} 8. Bd3 {[%emt 0:00:01]} Re8 {[%emt 0:00:01]} 9. Qc2 {[%emt 0:00:00]} Be6 {[%emt 0:00:01]} 10. Be3 {[%emt 0:00:01]} Qc8 {[%emt 0:00:01]} 11. O-O-O {[%emt 0:00:01]} Nd8 {[%emt 0:00:01]} 12. Nf3 {[%emt 0:00:01]} b6 {[%emt 0:00:01]} 13. Ng5 {[%emt 0:00:01]} bxc5 {[%emt 0:00:01]} 14. h4 {[%emt 0:00:01]} cxd4 {[%emt 0:00:01]} 15. Bxh7+ {[%emt 0:00:01]} Kf8 {[%emt 0:00:01]} 16. Bxd4 {[%emt 0:00:01]} c5 {[%emt 0:00:01]} 17. Bxf6 {[%emt 0:00:01]} Bxf6 {[%emt 0:00:01]} 18. Bg6 {[%emt 0:00:01]} Ke7 {[%emt 0:00:06]} 19. Nxe6 {[%emt 0:00:04]} Nxe6 {[%emt 0:00:02]} 20. Rde1 {[%emt 0:00:03]} fxg6 {[%emt 0:00:01]} 21. Qxg6 {[%emt 0:00:02]} d4 {[%emt 0:00:01]} 22. Nd5+ {[%emt 0:00:02]} Kd6 {[%emt 0:00:02]} 23. Nxf6 {[%emt 0:00:04]} gxf6 {[%emt 0:00:01]} 24. Qxf6 {[%emt 0:00:01]} Qd7 {[%emt 0:00:01]} 25. f4 {[%emt 0:00:02]} Rf8 {[%emt 0:00:01]} 26. Qg5 {[%emt 0:00:02]} Qc6 {[%emt 0:00:01]} 27. Qg3 {[%emt 0:00:02]} Kc7 {[%emt 0:00:02]} 28. f5+ {[%emt 0:00:01]} Kb7 {[%emt 0:00:01]} 29. fxe6 {[%emt 0:00:01]} d3 {[%emt 0:00:02]} 30. e7 {[%emt 0:00:02]} Rfe8 {[%emt 0:00:01]} 31. Kb1 {[%emt 0:00:02]} c4 {[%emt 0:00:01]} 32. Rc1 {[%emt 0:00:01]} Rac8 {[%emt 0:00:01]} 33. Qe1 {[%emt 0:00:02]} Ka8 {[%emt 0:00:01]} 34. Qc3 {[%emt 0:00:01]} Rc7 {[%emt 0:00:01]} 35. Rhd1 {[%emt 0:00:01]} Rexe7 {[%emt 0:00:02]} 36. Qa5 {[%emt 0:00:01]} Rb7 {[%emt 0:00:01]} 37. Rxd3 {[%emt 0:00:01]} Re2 {[%emt 0:00:02]} 38. Rd8+ {[%emt 0:00:01]} Rb8 {[%emt 0:00:01]} 39. Rxb8+ {[%emt 0:00:02]} Kxb8 {[%emt 0:00:01]} 40. Qd8+ {[%emt 0:00:01]} Kb7 {[%emt 0:00:01]} 41. Qd1 {[%emt 0:00:04]} Rxg2 {[%emt 0:00:02]} 42. Ka2 {[%emt 0:00:03]} Qb6 {[%emt 0:00:01]} 43. Qd7+ {[%emt 0:00:03]} Ka6 {[%emt 0:00:01] Âðåìÿ (Lag: Av=0.28s, max=0.7s) .} 0-1

[Event "Stay Safe Play From Home 196"]
[Site "T#646541Emanuel Laske"]
[Date "2020.06.03"]
[Round "2"]
[White "Bigwig911"]
[Black "Fischer_11"]
[Result "0-1"]
[WhiteElo "1433"]
[BlackElo "2062"]
[Annotator "NA RC"]
[PlyCount "42"]
[EventDate "2020.06.03"]
[EventType "swiss (blitz)"]

1. d4 {[%emt 0:00:03]} e5 {[%emt 0:00:01]} 2. Nf3 {[%emt 0:00:00]} Nc6 {[%emt 0:00:00]} 3. dxe5 {[%emt 0:00:01]} Qe7 {[%emt 0:00:00]} 4. c4 {[%emt 0:00:03]} Nxe5 {[%emt 0:00:02]} 5. Nxe5 {[%emt 0:00:01]} Qxe5 {[%emt 0:00:00]} 6. Nc3 {[%emt 0:00:01]} Qh5 {[%emt 0:00:00]} 7. f3 {[%emt 0:00:02]} Nf6 {[%emt 0:00:00]} 8. e4 {[%emt 0:00:01]} Bd6 {[%emt 0:00:02]} 9. Be3 {[%emt 0:00:01]} Bg3+ {[%emt 0:00:03]} 10. Ke2 {[%emt 0:00:05]} O-O {[%emt 0:00:03]} 11. Nd5 {[%emt 0:00:07]} Nxd5 {[%emt 0:00:03]} 12. cxd5 {[%emt 0:00:01]} Bxh2 {[%emt 0:00:04]} 13. g4 {[%emt 0:00:06]} Qe5 {[%emt 0:00:01]} 14. Rc1 {[%emt 0:00:10]} Bf4 {[%emt 0:00:02]} 15. Bxf4 {[%emt 0:00:02]} Qxf4 {[%emt 0:00:00]} 16. Kf2 {[%emt 0:00:06]} c6 {[%emt 0:00:01]} 17. Bc4 {[%emt 0:00:02]} d6 {[%emt 0:00:02]} 18. dxc6 {[%emt 0:00:01]} bxc6 {[%emt 0:00:01]} 19. Bb3 {[%emt 0:00:01]} Bxg4 {[%emt 0:00:02]} 20. Rh4 {[%emt 0:00:04]} h5 {[%emt 0:00:02]} 21. Rxg4 {[%emt 0:00:01]} hxg4 {[%emt 0:00:01] Time (Lag: Av=0.35s, max=0.6s)} 0-1

[Event "Stay Safe Play From Home 196"]
[Site "T#646541Emanuel Laske"]
[Date "2020.06.03"]
[Round "3"]
[White "Broken sword"]
[Black "Little champs"]
[Result "1/2-1/2"]
[WhiteElo "2494"]
[BlackElo "2147"]
[Annotator "TA"]
[PlyCount "193"]
[EventDate "2020.06.03"]
[EventType "swiss (blitz)"]

{[%evp 32,193,39,33,49,40,43,51,52,51,39,43,536,28,55,46,61,78,94,14,14,10,10,-22,9,0,0,-26,-31,-25,-37,-59,-63,-68,-16,-67,-72,-591,-596,-556,-456,-410,-293,-276,-285,-366,-380,-353,-329,-356,-363,-409,-416,-483,-480,-476,-476,-473,-420,-460,-467,-832,-695,-660,-677,-643,-515,-556,-450,-886,-879,-871,-871,-868,-864,-853,-839,-831,-831,-824,-823,-854,-839,-817,-810,-802,-802,-802,-788,-781,-780,-764,-746,-741,-739,-29990,-29991,-29991,-29992,-29992,-29992,-29993,-29993,-29993,-29991,-29991,-29991,-29991,-29992,-29992,-29991,-29992,-29992,-29992,-29992,-29992,-29993,-29994,-29992,-29992,-29993,-29994,-29987,-29987,-29988,-29988,-29989,-29989,-29990,-29990,-29991,-29994,-29991,-29991,-29991,-29992,-29992,-29992,-29991,-29991,-29992,-29992,-29993,-29997,-29996,-29996,-29994,-29994,-29994,-29994,-29995,-29995,-29995,-29997,-29995,-29995,-29996,-29996,-29996,-29996,-29997,-29997,-29997,-29997]} 1. e4 c6 2. d4 d5 3. Nc3 dxe4 4. Nxe4 Bf5 5. Ng3 Bg6 6. Nf3 Nd7 7. h4 h6 8. h5 Bh7 9. Bd3 Bxd3 10. Qxd3 Ngf6 11. Bd2 e6 12. O-O-O Bd6 13. Ne4 Nxe4 14. Qxe4 Nf6 15. Qe2 Qc7 16. g3 {has lost popularity (16.Kb1).} O-O-O 17. Kb1 Kb8 {B19: Classical Caro-Kann: 4...Bf5 main line.} 18. c4 {Strongly threatening c5.} c5 19. Bc3 cxd4 {White is slightly better.} 20. Nxd4 a6 21. Nb3 Be7 $2 {[%mdl 8192] [#]} (21... Qc6 $14) 22. Rc1 $146 (22. Be5 $18 Bd6 23. Rxd6 Rxd6 24. c5 {[%mdl 64] Pin}) ({Predecessor:} 22. Be5 Bd6 23. Rxd6 Rxd6 24. c5 Qc6 25. Bxd6+ Ka8 26. Rh4 Qg2 27. a3 Re8 28. Ra4 Qc6 29. Qc4 e5 30. Na5 Qh1+ 31. Ka2 Qd5 32. Qxd5 Nxd5 33. Rg4 {1-0 (33) Kiel,B (1970)-Zierott,J (1780) Rostock 2017}) 22... Ka8 23. c5 Rd5 24. c6 {aiming for Ba5!} b5 25. Ba5 (25. f4 $16) 25... Qe5 $1 $11 {[%cal Re5e2]} 26. Qxe5 Rxe5 27. Rhd1 {Hoping for c7.} Rd5 (27... Rc8 {is interesting.} 28. g4 Re2 29. f4 Nd5 30. Bd2 Rg2) 28. Rxd5 Nxd5 29. Nd4 Rc8 30. a3 Bf6 31. Ne2 Ka7 32. f4 Ne7 (32... Kb8 $15) 33. g4 (33. Rd1 $11 Nd5 34. Rc1) 33... Nxc6 $15 34. Rd1 $2 {[%mdl 8192] White is on the road to losing.} (34. Bd2 $17 {holds on.}) 34... Nxa5 $19 35. Rd7+ Nb7 36. Rxf7 Rc4 37. g5 hxg5 38. fxg5 Bxg5 39. Rxg7 Be3 40. Rg3 Re4 {...Bf2 is the strong threat.} 41. Nc3 Re5 42. Rh3 {and the idea h6 leaves White hopeful.} Bh6 43. Kc2 Nc5 44. b4 Ne4 45. Ne2 Nf6 ({Don't do} 45... Nf2 46. Nd4 $19) 46. Rh2 (46. Nd4 $142 Kb7 47. Nb3) 46... Rxh5 47. Rf2 Rf5 48. Rg2 Ne4 49. Rh2 Rf2 50. Rxh6 (50. Rxf2 $142 Nxf2 51. Nd4) 50... Rxe2+ {[%mdl 4096] Endgame KRN-KR} 51. Kd3 Re1 52. Rh7+ Kb6 53. Rh4 Nf2+ 54. Kd2 Re5 55. Rh8 Ne4+ 56. Kd3 Nd6 57. Rb8+ Nb7 58. Rh8 Rd5+ 59. Kc3 Rd7 60. Re8 Rd6 61. Re7 a5 62. bxa5+ Nxa5 63. Kb4 Nc6+ {[%mdl 64] [#] Double Attack. Black mates.} 64. Kb3 Nxe7 65. a4 Rd4 66. axb5 Kxb5 67. Kc3 Rc4+ 68. Kd3 Nc6 69. Ke3 Kc5 70. Kd3 Rd4+ 71. Ke3 Kd5 72. Kf3 Ke5 73. Ke3 Na5 74. Ke2 Re4+ 75. Kd3 Kf4 76. Kc3 {[#]} Rd4 $1 {[%mdl 64] Decoy} 77. Kxd4 e5+ 78. Kd3 Kf3 79. Kd2 e4 80. Ke1 e3 81. Kf1 Nb3 82. Ke1 Nd2 83. Kd1 Kf2 84. Kc2 Nf3 85. Kd3 e2 86. Ke4 e1=Q+ 87. Kf4 Qe3+ 88. Kf5 Nd2 89. Kf6 Nb1 90. Kf5 Kf3 91. Kf6 Qe4 92. Kg5 Qf4+ 93. Kg6 Kg4 94. Kg7 Qf5 95. Kg8 Kg5 96. Kg7 Qe6 97. Kh7 {[%mdl 32768] Accuracy: White = 51%, Black = 71%. . An unexpected result.} 1/2-1/2

[Event "Stay Safe Play From Home 196"]
[Site "T#646541Emanuel Laske"]
[Date "2020.06.03"]
[Round "3"]
[White "SoulofWolf"]
[Black "Lazieri3"]
[Result "1-0"]
[WhiteElo "2223"]
[BlackElo "2003"]
[Annotator "TA"]
[PlyCount "69"]
[EventDate "2020.06.03"]
[EventType "swiss (blitz)"]

{[%evp 9,69,0,44,32,58,52,277,272,315,310,325,320,323,321,319,311,303,310,327,329,405,416,422,412,487,319,371,312,347,329,352,347,445,5,5,4,33,-21,0,-21,0,-69,75,0,64,26,13,-53,-52,-612,330,321,391,358,490,381,489,470,459,458,437,444]} 1. d3 c6 2. Nf3 d5 3. Bg5 Nf6 4. c3 Bf5 5. Nbd2 {[#]} e6 $146 ({Predecessor:} 5... Qb6 6. Qc2 Ng4 7. Bh4 Nd7 8. h3 Ngf6 9. g4 Bg6 10. Bg3 h6 11. Nh4 Bh7 {0-1 (49) Certic,B (2370)-Mihic,B (2375) Belgrade 2007}) 6. e4 {A00: Irregular Openings.} dxe4 7. dxe4 Bg6 $2 {[#]} ({Black should try} 7... Bg4 $1 $14) 8. e5 $1 $18 {White has a decisive advantage.} h6 9. Bh4 {[%mdl 64] Pin} ({Not} 9. exf6 hxg5 10. Ne5 Qxf6 $15) 9... Be7 10. exf6 Bxf6 11. Bg3 O-O 12. Be2 Nd7 13. O-O Qe7 14. Nc4 Rfd8 15. Bd6 Qe8 {intending ...Nb6.} 16. Bc7 Rdc8 17. Bg3 Be7 18. Bd6 Rd8 19. Qb3 b5 20. Bxe7 bxc4 21. Qxc4 $2 (21. Qa3 $18) 21... Qxe7 $11 22. Qxc6 Nf6 23. Ne5 (23. Rfd1 $14) 23... Be4 24. Qc4 Rac8 25. Qb3 (25. Qa4 $11) 25... Bd5 (25... Qc7 $15 {keeps the upper hand.} 26. Nf3 Rb8) 26. Qa4 ({White should play} 26. c4 $16) 26... Ne4 (26... Qc7 $11 27. Ng4 Nxg4 28. Qxg4 Qb6) 27. Bf3 Nd2 {[#] Threatens to win with ...Qg5.} 28. Rfd1 (28. Bxd5 $1 $11 Nxf1 29. Bb3) 28... Nxf3+ $15 29. gxf3 $2 {[%mdl 8192]} (29. Nxf3 $15 Qb7 30. Qa5) 29... Bxf3 $4 {[%mdl 8192]} (29... Qg5+ $19 30. Ng4 Bxf3 {[%mdl 64] Double Attack}) 30. Nxf3 $18 Qf6 31. Qg4 h5 32. Qg3 Rxd1+ 33. Rxd1 {White is clearly winning.} Rc4 {Threatening ...Rg4.} 34. Rd4 Rxd4 35. Nxd4 {Accuracy: White = 42%, Black = 32%.} ({Much less strong is} 35. cxd4 Qf5 $18) 1-0

[Event "Stay Safe Play From Home 196"]
[Site "T#646541Emanuel Laske"]
[Date "2020.06.03"]
[Round "3"]
[White "Fischer_11"]
[Black "Mepe_Nika"]
[Result "0-1"]
[WhiteElo "2063"]
[BlackElo "2333"]
[Annotator "NA RC"]
[PlyCount "68"]
[EventDate "2020.06.03"]
[EventType "swiss (blitz)"]

1. e4 {[%emt 0:00:05]} g6 {[%emt 0:00:00]} 2. d4 {[%emt 0:00:01]} d6 {[%emt 0:00:01]} 3. Nc3 {[%emt 0:00:01]} c6 {[%emt 0:00:01]} 4. Bg5 {[%emt 0:00:01]} Bg7 {[%emt 0:00:01]} 5. Qd2 {[%emt 0:00:01]} Nd7 {[%emt 0:00:01]} 6. O-O-O {[%emt 0:00:01]} b5 {[%emt 0:00:01]} 7. a3 {[%emt 0:00:02]} a5 {[%emt 0:00:01]} 8. f4 {[%emt 0:00:00]} b4 {[%emt 0:00:01]} 9. Na4 {[%emt 0:00:03]} Ba6 {[%emt 0:00:03]} 10. Nf3 {[%emt 0:00:02]} Bb5 {[%emt 0:00:02]} 11. b3 {[%emt 0:00:09]} Bxa4 {[%emt 0:00:02]} 12. bxa4 {[%emt 0:00:01]} Nb6 {[%emt 0:00:01]} 13. axb4 {[%emt 0:00:02]} axb4 {[%emt 0:00:03]} 14. Qxb4 {[%emt 0:00:00]} Rxa4 {[%emt 0:00:01]} 15. Qb3 {[%emt 0:00:03]} h6 {[%emt 0:00:02]} 16. Bh4 {[%emt 0:00:03]} Nf6 {[%emt 0:00:00]} 17. e5 {[%emt 0:00:02]} Ne4 {[%emt 0:00:02]} 18. Bd3 {[%emt 0:00:03]} Ra1+ {[%emt 0:00:01]} 19. Kb2 {[%emt 0:00:05]} Rxd1 {[%emt 0:00:04]} 20. Rxd1 {[%emt 0:00:00]} g5 {[%emt 0:00:01]} 21. fxg5 {[%emt 0:00:02]} Nxg5 {[%emt 0:00:02]} 22. Bxg5 {[%emt 0:00:01]} hxg5 {[%emt 0:00:00]} 23. Nxg5 {[%emt 0:00:01]} Nd5 {[%emt 0:00:03]} 24. Be4 {[%emt 0:00:03]} O-O {[%emt 0:00:02]} 25. Bxd5 {[%emt 0:00:01]} cxd5 {[%emt 0:00:00]} 26. Qxd5 {[%emt 0:00:00]} Qb8+ {[%emt 0:00:01]} 27. Kc1 {[%emt 0:00:01]} e6 {[%emt 0:00:01]} 28. Qf3 {[%emt 0:00:02]} Qd8 {[%emt 0:00:08]} 29. Qh5 {[%emt 0:00:01]} Re8 {[%emt 0:00:02]} 30. Qxf7+ {[%emt 0:00:01]} Kh8 {[%emt 0:00:00]} 31. Qh5+ {[%emt 0:00:01]} Kg8 {[%emt 0:00:01]} 32. Qf7+ {[%emt 0:00:01]} Kh8 {[%emt 0:00:01]} 33. Qh5+ {[%emt 0:00:00]} Bh6 {[%emt 0:00:00]} 34. Qf7 {[%emt 0:00:00]} Qxg5+ {[%emt 0:00:02] Zeit (Lag: Av=0.30s, max=0.7s)} 0-1

[Event "Stay Safe Play From Home 196"]
[Site "T#646541Emanuel Laske"]
[Date "2020.06.03"]
[Round "3"]
[White "GIULIO19031975"]
[Black "Buzaglo"]
[Result "0-1"]
[WhiteElo "1827"]
[BlackElo "1913"]
[Annotator "NA RC"]
[PlyCount "110"]
[EventDate "2020.06.03"]
[EventType "swiss (blitz)"]

1. e4 {[%emt 0:00:02]} e6 {[%emt 0:00:00]} 2. Nf3 {[%emt 0:00:01]} d5 {[%emt 0:00:00]} 3. e5 {[%emt 0:00:01]} c5 {[%emt 0:00:00]} 4. d4 {[%emt 0:00:01]} Nc6 {[%emt 0:00:00]} 5. c4 {[%emt 0:00:00]} cxd4 {[%emt 0:00:01]} 6. Nxd4 {[%emt 0:00:01]} dxc4 {[%emt 0:00:01]} 7. Nxc6 {[%emt 0:00:01]} bxc6 {[%emt 0:00:01]} 8. Qxd8+ {[%emt 0:00:01]} Kxd8 {[%emt 0:00:00]} 9. Bxc4 {[%emt 0:00:01]} Bc5 {[%emt 0:00:01]} 10. O-O {[%emt 0:00:01]} Ne7 {[%emt 0:00:00]} 11. a3 {[%emt 0:00:01]} Nd5 {[%emt 0:00:01]} 12. Bxd5 {[%emt 0:00:01]} cxd5 {[%emt 0:00:00]} 13. b4 {[%emt 0:00:00]} Bb6 {[%emt 0:00:01]} 14. Bg5+ {[%emt 0:00:01]} Ke8 {[%emt 0:00:01]} 15. a4 {[%emt 0:00:01]} Bd4 {[%emt 0:00:02]} 16. Ra3 {[%emt 0:00:01]} Bxe5 {[%emt 0:00:01]} 17. Rf3 {[%emt 0:00:02]} f6 {[%emt 0:00:02]} 18. Be3 {[%emt 0:00:02]} d4 {[%emt 0:00:01]} 19. Bd2 {[%emt 0:00:01]} Bb7 {[%emt 0:00:01]} 20. b5 {[%emt 0:00:01]} Bxf3 {[%emt 0:00:01]} 21. gxf3 {[%emt 0:00:00]} Rc8 {[%emt 0:00:01]} 22. Bb4 {[%emt 0:00:01]} Kf7 {[%emt 0:00:01]} 23. Nd2 {[%emt 0:00:01]} Rc2 {[%emt 0:00:02]} 24. Ne4 {[%emt 0:00:01]} Rhc8 {[%emt 0:00:01]} 25. Kg2 {[%emt 0:00:01]} Rb2 {[%emt 0:00:01]} 26. Ba5 {[%emt 0:00:02]} Rcc2 {[%emt 0:00:02]} 27. Re1 {[%emt 0:00:09]} f5 {[%emt 0:00:01]} 28. Ng5+ {[%emt 0:00:02]} Kf6 {[%emt 0:00:01]} 29. Nxh7+ {[%emt 0:00:02]} Kg6 {[%emt 0:00:00]} 30. Nf8+ {[%emt 0:00:01]} Kf7 {[%emt 0:00:01]} 31. Nd7 {[%emt 0:00:03]} Bf6 {[%emt 0:00:01]} 32. Nxf6 {[%emt 0:00:02]} Rxf2+ {[%emt 0:00:02]} 33. Kg3 {[%emt 0:00:02]} Kxf6 {[%emt 0:00:00]} 34. Rg1 {[%emt 0:00:02]} Rg2+ {[%emt 0:00:01]} 35. Rxg2 {[%emt 0:00:01]} Rb3 {[%emt 0:00:02]} 36. Bc7 {[%emt 0:00:02]} d3 {[%emt 0:00:01]} 37. Rd2 {[%emt 0:00:02]} Ra3 {[%emt 0:00:02]} 38. f4 {[%emt 0:00:01]} g5 {[%emt 0:00:04]} 39. Be5+ {[%emt 0:00:00]} Kg6 {[%emt 0:00:01]} 40. fxg5 {[%emt 0:00:01]} Kxg5 {[%emt 0:00:00]} 41. Bf6+ {[%emt 0:00:00]} Kxf6 {[%emt 0:00:01]} 42. Kf4 {[%emt 0:00:01]} e5+ {[%emt 0:00:01]} 43. Ke3 {[%emt 0:00:00]} Rxa4 {[%emt 0:00:01]} 44. b6 {[%emt 0:00:01]} Rb4 {[%emt 0:00:00]} 45. Rxd3 {[%emt 0:00:00]} Rxb6 {[%emt 0:00:01]} 46. Ra3 {[%emt 0:00:00]} a6 {[%emt 0:00:01]} 47. Kf3 {[%emt 0:00:01]} Rc6 {[%emt 0:00:01]} 48. Kg3 {[%emt 0:00:00]} e4 {[%emt 0:00:00]} 49. h4 {[%emt 0:00:00]} f4+ {[%emt 0:00:00]} 50. Kf2 {[%emt 0:00:00]} f3 {[%emt 0:00:00]} 51. h5 {[%emt 0:00:00]} Rc2+ {[%emt 0:00:01]} 52. Ke3 {[%emt 0:00:00]} Rc5 {[%emt 0:00:01]} 53. Kxe4 {[%emt 0:00:01]} Rxh5 {[%emt 0:00:00]} 54. Rxf3+ {[%emt 0:00:01]} Ke6 {[%emt 0:00:01]} 55. Ra3 {[%emt 0:00:00]} Rh4+ {[%emt 0:00:00] Tempo (Lag: Av=0.49s, max=1.2s)} 0-1

[Event "Stay Safe Play From Home 196"]
[Site "T#646541Emanuel Laske"]
[Date "2020.06.03"]
[Round "3"]
[White "NeatFox"]
[Black "EL sanbary"]
[Result "0-1"]
[WhiteElo "1760"]
[BlackElo "1907"]
[Annotator "TA"]
[PlyCount "76"]
[EventDate "2020.06.03"]
[EventType "swiss (blitz)"]

{[%evp 9,75,-80,-40,-46,-42,-53,-4,-44,-43,-102,-11,-16,0,5,4,-33,-45,-43,-53,-53,-38,-56,-35,-97,-70,-139,-58,-48,-40,-60,-50,-54,-42,-45,13,1,15,0,27,-31,0,0,47,32,66,56,96,46,147,150,217,-672,-665,-640,-663,-1325,-1309,-1293,-1270,-1689,-1259,-1872,-1216,-29982,-29983,-29998,-29999,-29999]} 1. g4 c5 2. Bg2 g6 3. c4 Bg7 {[#]} 4. Qb3 $146 ({Predecessor:} 4. Nc3 d6 5. h3 Bd7 6. Bxb7 Nc6 7. Bxa8 Qxa8 8. e4 Bxc3 9. bxc3 Ne5 10. d3 Nxc4 {1-0 (37) Nesterov,N (2100)-Remizov,N Nizhnij Novgorod 2014}) 4... Nc6 5. Nf3 e6 6. d3 {A00: Irregular Openings.} Nge7 7. h4 O-O 8. g5 {The position is equal.} d5 9. cxd5 (9. Nc3 $15) 9... Nxd5 ({Black should try} 9... exd5 $17 10. Nc3 Bg4) 10. Nc3 Nxc3 11. bxc3 b6 12. Bf4 Bb7 13. O-O Na5 14. Qc2 Qd7 15. Rad1 Rad8 16. c4 (16. Nd2 $15) 16... Nc6 17. Be3 ({White should play} 17. Bg3 $15) 17... Nd4 (17... e5 $17 18. Nh2 Nd4 19. Bxd4 exd4 20. Bxb7 Qxb7) 18. Nxd4 $15 cxd4 19. Bf4 Bxg2 20. Kxg2 e5 21. Bg3 Qg4 (21... f6 $15) 22. f3 $11 Qf5 23. Qa4 Rd7 24. Qb5 (24. Qc6 $11) 24... Rfd8 25. Rb1 f6 26. gxf6 Bxf6 27. Qc6 g5 28. hxg5 Bxg5 (28... Qxg5 $14 29. Rg1 Rg7) 29. Qe4 $16 Qf6 (29... Qg6 $16) 30. Qg4 $4 {[%mdl 8192] [#]} ({Less strong is} 30. Qxe5 Re7 $14) (30. Bxe5 $18 Qg6 31. Qxg6+ hxg6 32. f4) 30... Rg7 $19 31. Rh1 Bf4 32. Qh5 {White hopes to continue with Rh3.} Rxg3+ 33. Kf2 Rg7 34. Kf1 Rf8 35. Rg1 Be3 {[%csl Ge3][%cal Rg7g1] [#]} 36. Rxg7+ Qxg7 {[%csl Ge3][%cal Rg7g1] Black mates.} 37. Qg4 Qxg4 {[%csl Ge3][%cal Rg4g1]} 38. Ke1 Qg1# {Accuracy: White = 41%, Black = 42%.} 0-1

[Event "Stay Safe Play From Home 196"]
[Site "T#646541Emanuel Laske"]
[Date "2020.06.03"]
[Round "3"]
[White "Grizzzly"]
[Black "Trotsky"]
[Result "1-0"]
[WhiteElo "1705"]
[BlackElo "1560"]
[Annotator "NA RC"]
[PlyCount "61"]
[EventDate "2020.06.03"]
[EventType "swiss (blitz)"]

1. d4 {[%emt 0:00:01]} d5 {[%emt 0:00:01]} 2. Nf3 {[%emt 0:00:01]} e6 {[%emt 0:00:00]} 3. Bf4 {[%emt 0:00:01]} c5 {[%emt 0:00:01]} 4. c3 {[%emt 0:00:01]} Nc6 {[%emt 0:00:01]} 5. e3 {[%emt 0:00:01]} c4 {[%emt 0:00:01]} 6. Be2 {[%emt 0:00:01]} Bd6 {[%emt 0:00:01]} 7. Bg3 {[%emt 0:00:02]} Qc7 {[%emt 0:00:01]} 8. Nbd2 {[%emt 0:00:02]} Bd7 {[%emt 0:00:01]} 9. e4 {[%emt 0:00:01]} h5 {[%emt 0:00:01]} 10. e5 {[%emt 0:00:01]} Be7 {[%emt 0:00:05]} 11. Qc2 {[%emt 0:00:02]} O-O-O {[%emt 0:00:01]} 12. h3 {[%emt 0:00:02]} f6 {[%emt 0:00:01]} 13. O-O-O {[%emt 0:00:02]} fxe5 {[%emt 0:00:01]} 14. Nxe5 {[%emt 0:00:01]} Rf8 {[%emt 0:00:03]} 15. f4 {[%emt 0:00:02]} Kb8 {[%emt 0:00:10]} 16. Ng6 {[%emt 0:00:01]} Rc8 {[%emt 0:00:02]} 17. Nxh8 {[%emt 0:00:02]} Qa5 {[%emt 0:00:03]} 18. Qb1 {[%emt 0:00:05]} Nb4 {[%emt 0:00:01]} 19. cxb4 {[%emt 0:00:02]} Bxb4 {[%emt 0:00:03]} 20. a3 {[%emt 0:00:06]} c3 {[%emt 0:00:02]} 21. axb4 {[%emt 0:00:03]} Qxb4 {[%emt 0:00:02]} 22. Nc4 {[%emt 0:00:07]} Ba4 {[%emt 0:00:07]} 23. bxc3 {[%emt 0:00:03]} Qxc3+ {[%emt 0:00:01]} 24. Qc2 {[%emt 0:00:04]} Qa1+ {[%emt 0:00:01]} 25. Kd2 {[%emt 0:00:01]} Bxc2 {[%emt 0:00:02]} 26. Kxc2 {[%emt 0:00:00]} Qa2+ {[%emt 0:00:02]} 27. Kd3 {[%emt 0:00:01]} Qxc4+ {[%emt 0:00:02]} 28. Ke3 {[%emt 0:00:00]} Qc6 {[%emt 0:00:03]} 29. Kf2 {[%emt 0:00:00]} e5 {[%emt 0:00:01]} 30. Rhe1 {[%emt 0:00:00]} exd4 {[%emt 0:00:01]} 31. Bf3 {[%emt 0:00:00] Âðåìÿ (Lag: Av=0.25s, max=0.6s)} 1-0